An idea in action: (Record no. 36933)

MARC details
000 -LEADER
fixed length control field 00880cam a22002771 4500
001 - CONTROL NUMBER
control field l 56000170
003 - CONTROL NUMBER IDENTIFIER
control field DLC
005 - DATE AND TIME OF LATEST TRANSACTION
control field 20260227111545.0
008 - FIXED-LENGTH DATA ELEMENTS--GENERAL INFORMATION
fixed length control field 780207s1956 dcua f000 0 eng c
010 ## - LIBRARY OF CONGRESS CONTROL NUMBER
LC control number l 56000170
035 ## - SYSTEM CONTROL NUMBER
System control number (OCoLC)3615641
040 ## - CATALOGING SOURCE
Original cataloging agency U. S. Dept. of Labor. Library
Transcribing agency OMC
Modifying agency OMC
-- NOsU
-- OCoLC
-- DLC
042 ## - AUTHENTICATION CODE
Authentication code premarc
050 00 - LIBRARY OF CONGRESS CALL NUMBER
Classification number LB1715
Item number .A38
070 0# - NATIONAL AGRICULTURAL LIBRARY CALL NUMBER
Classification number LB1715
Item number .A38
082 ## - DEWEY DECIMAL CLASSIFICATION NUMBER
Classification number 370.7
110 1# - MAIN ENTRY--CORPORATE NAME
Corporate name or jurisdiction name as entry element United States.
Subordinate unit Women's Bureau.
245 13 - TITLE STATEMENT
Title An idea in action:
Remainder of title new teachers for the nation's children.
260 ## - PUBLICATION, DISTRIBUTION, ETC.
Place of publication, distribution, etc. [Washington,
Name of publisher, distributor, etc. U.S. Govt. Print. Off.]
Date of publication, distribution, etc. 1956.
300 ## - PHYSICAL DESCRIPTION
Extent i, 37 p.
Other physical details illus.
Dimensions 23 cm.
490 1# - SERIES STATEMENT
Series statement Its Pamphlet
Volume/sequential designation 2
500 ## - GENERAL NOTE
General note Cover title.
650 #0 - SUBJECT ADDED ENTRY--TOPICAL TERM
Topical term or geographic name entry element Teachers
General subdivision Training of
Geographic subdivision United States.
740 0# - ADDED ENTRY--UNCONTROLLED RELATED/ANALYTICAL TITLE
Uncontrolled related/analytical title New teachers for the nation's children.
830 #0 - SERIES ADDED ENTRY--UNIFORM TITLE
Uniform title Pamphlet (United States. Women's Bureau) ;
Volume/sequential designation v. 2.

No items available.

Powered by Koha